<?xml version="1.0" encoding="UTF-8"?>
<record
    xmlns:xsi="http://www.w3.org/2001/XMLSchema-instance"
    xsi:schemaLocation="http://www.loc.gov/MARC21/slim http://www.loc.gov/standards/marcxml/schema/MARC21slim.xsd"
    xmlns="http://www.loc.gov/MARC21/slim">

  <leader>01320    a2200217   4500</leader>
  <controlfield tag="001">33386</controlfield>
  <controlfield tag="005">20260407155626.0</controlfield>
  <controlfield tag="008">260407a1953    arg                 spa d</controlfield>
  <controlfield tag="003">AR-UNSa-BCEJYS</controlfield>
  <datafield tag="040" ind1=" " ind2=" ">
    <subfield code="a">AR-UNSa-BCEJYS</subfield>
    <subfield code="b">spa</subfield>
    <subfield code="c">AR-UNSa-BCEJYS</subfield>
  </datafield>
  <datafield tag="080" ind1=" " ind2=" ">
    <subfield code="a">658.012.2</subfield>
    <subfield code="x">Planificaci&#xF3;n. Programas. Planes. Medidas de apoyo a la planificaci&#xF3;n( Administraci&#xF3;n estrat&#xE9;gica...)</subfield>
  </datafield>
  <datafield tag="245" ind1="1" ind2="0">
    <subfield code="a">La dimensi&#xF3;n &#xF3;ptima de la empresa</subfield>
  </datafield>
  <datafield tag="264" ind1=" " ind2="1">
    <subfield code="a">Buenos Aires :</subfield>
    <subfield code="b">El Ateneo</subfield>
    <subfield code="c">1953</subfield>
  </datafield>
  <datafield tag="300" ind1=" " ind2=" ">
    <subfield code="a">131 p.</subfield>
    <subfield code="c">23 cm.</subfield>
  </datafield>
  <datafield tag="505" ind1=" " ind2=" ">
    <subfield code="a">1. Introducci&#xF3;n - 2. La dimensi&#xF3;n &#xF3;ptima de la empresa , cuestiones fundamentales - 3. La dimensi&#xF3;n &#xF3;ptima de la empresa desde el punto de vista de la direcci&#xF3;n - 4.La dimensi&#xF3;n &#xF3;ptima de la empresa desde el punto de vista financiero - 5. La dimensi&#xF3;n &#xF3;ptima de la empresa desde el punto de vista de la colocaci&#xF3;n del producto - 7. La sincronizaci&#xF3;n de las diferentes dimensiones &#xF3;ptimas de la empresa - 8. El problema del crecimiento - 9. La dimensi&#xF3;n &#xF3;ptima de la industria - 10. La localizaci&#xF3;n de la producci&#xF3;n - 11. La localizaci&#xF3;n de la producci&#xF3;n - 12. La racionalizaci&#xF3;n - 13. Ep&#xED;logo 1952.</subfield>
  </datafield>
  <datafield tag="942" ind1=" " ind2=" ">
    <subfield code="c">BK</subfield>
  </datafield>
  <datafield tag="590" ind1=" " ind2=" ">
    <subfield code="a">niveau_biblio:m niveau_hierar:0</subfield>
  </datafield>
  <datafield tag="100" ind1="1" ind2=" ">
    <subfield code="a">Robinson, E.A.G.</subfield>
  </datafield>
  <datafield tag="700" ind1="1" ind2=" ">
    <subfield code="a">Macedo de Steffens, Dorotea</subfield>
  </datafield>
  <datafield tag="700" ind1="1" ind2=" ">
    <subfield code="a">De la Roza Igarz&#xE1;bal, Hugo</subfield>
  </datafield>
  <datafield tag="999" ind1=" " ind2=" ">
    <subfield code="c">2346</subfield>
    <subfield code="d">2346</subfield>
  </datafield>
  <datafield tag="952" ind1=" " ind2=" ">
    <subfield code="0">0</subfield>
    <subfield code="1">0</subfield>
    <subfield code="4">0</subfield>
    <subfield code="7">0</subfield>
    <subfield code="a">BCEJYS</subfield>
    <subfield code="b">BCEJYS</subfield>
    <subfield code="c">16</subfield>
    <subfield code="d">2026-04-07</subfield>
    <subfield code="l">0</subfield>
    <subfield code="o">658.012.2 R655</subfield>
    <subfield code="p">L20311</subfield>
    <subfield code="r">2026-04-07 15:56:26</subfield>
    <subfield code="w">2026-04-07</subfield>
    <subfield code="y">L</subfield>
  </datafield>
</record>
